00605nam a22001932 4500001001100000005001700011008004100028020001700069040001500086050002300101100003500124245008800159250001200247260004000259300001200299650002800311700003300339700003900372000000249420151217145729.0070412s xx 000 0 eng d a0256168253 : aKABUcKABU 0aHF5635b.D985 19981 aDyckman, Thomas R.@000015186110aIntermediate accounting /cThomas R. Dyckman, Roland E. Dukes and Charles J. Davis. a4th ed. aBoston :bIrwin/McGraw-Hill,c1998. a1329 p. 0aAccounting.@00001483211 aDukes, Roland E.@00001518621 aDavis, Charles Joseph.@0000151863